Las transformaciones físicas del agua con SVG - Estadísticas

Estadísticas generales
  • Esta prueba ha sido intentada 159 veces
  • La puntuación promedio es 4 de 6
Respuestas en el mapa
Las respuestas están codificadas por una escala verde-roja en el mapa de la prueba según el % correcto abajo.
 
Estadísticas de respuestas
Transformaciones físicas % Correcto
Evaporización
97%
Solidificación
90%
Condensación
82%
Sublimación
58%
Fusión
52%
Sublimación inversa
36%
No se encontraron pruebas coincidentes
Distribución de puntuación
Porcentaje de gente con cada puntuación
Porcentaje por número respondido
Historial de tus puntuaciones
No has intentado esta prueba.